Library Banner

Community and public health nursing : (Record no. 139948)

MARC details
000 -LEADER
fixed length control field 00520nam a22001697a 4500
005 - DATE AND TIME OF LATEST TRANSACTION
control field 20260303093006.0
008 - FIXED-LENGTH DATA ELEMENTS--GENERAL INFORMATION
fixed length control field 260303b |||||||| |||| 00| 0 eng d
020 ## - INTERNATIONAL STANDARD BOOK NUMBER
International Standard Book Number 9781975196561 (pbk)
040 ## - CATALOGING SOURCE
Transcribing agency PK-LaUMT
082 ## - DEWEY DECIMAL CLASSIFICATION NUMBER
Classification number 610.7343
Item number DEM-C
100 ## - MAIN ENTRY--PERSONAL NAME
Personal name DeMarco, Rosanna F.
245 ## - TITLE STATEMENT
Title Community and public health nursing :
Remainder of title evidence for practice /
Statement of responsibility, etc by Rosanna F. DeMarco and Judith Healey-Walsh
250 ## - EDITION STATEMENT
Edition statement 4th ed.
260 ## - PUBLICATION, DISTRIBUTION, ETC. (IMPRINT)
Place of publication, distribution, etc Philadelphia :
Name of publisher, distributor, etc Wolters Kluwer,
Date of publication, distribution, etc 2024
300 ## - PHYSICAL DESCRIPTION
Extent 652 p.
942 ## - ADDED ENTRY ELEMENTS (KOHA)
Koha item type Books
Holdings
Withdrawn status Lost status Damaged status Home library Current library Date acquired Full call number Barcode Date last seen Price effective from Koha item type
      UMT Health Sciences Campus UMT Health Sciences Campus 2026-03-03 610.7343 DEM-C 152063 2026-03-03 2026-03-03 Books